000 01427nam a22002537a 4500
005 20080701142817.0
008 080701t xxu||||| |||| 00| 0 eng d
020 _a8170102057
_c95.00
035 _aB-263214-218
037 _a04200816 / 12.4.08
_bHemkunt Press/12.4.08/13/8.4.08/19.5.08/95.00/
040 _aDPL
_bEN
082 _a S / MAN
100 _aMansukhani, Govind Singh
245 _aStory of Maharaja Ranjit Singh /
_cby Gobind Singh Mansukhani
260 _aNew Delhi
_bHemkunt Press
_c2006
270 _aA-78 Naraina Industrial Area, Phase I
_bNew Delhi
_e110028
300 _a72p.:
_bcol.ill.
_c25 cm.(Hb)
942 _cCH
999 _c14158
_d14158